[Event "Chigorin Memorial 2019"]
[Site "Saint Petersburg"]
[Date "2019.10.07"]
[Round "3.9"]
[White "Sawlin, Leonid"]
[Black "Aleksandrov, Aleksej"]
[Result "1/2-1/2"]
[WhiteElo "2395"]
[BlackElo "2577"]
[Annotator "TA"]
[PlyCount "100"]
[EventDate "2019.10.05"]
[EventType "swiss"]
[EventCountry "RUS"]
[SourceTitle "playchess.com"]
[Source "ChessBase"]
[SourceQuality "1"]

{[%evp 9,100,16,24,24,28,10,28,4,36,21,29,23,13,0,20,-34,16,-43,-44,-37,-37,-68,-46,-50,-45,-58,11,16,11,16,86,-55,-55,-69,-53,-165,0,0,42,43,42,43,45,45,45,46,52,42,37,8,18,8,8,8,8,8,9,36,29953,29954,29955,29951,29960,29961,29957,6422,6382,6103,29961,29962,29967,29968,29968,29969,29968,29970,29969,29967,29961,29951,29956,29952,1051,8,8,8,8,8,8,8,8,8,29964]} 1. e4 e5 2. Bc4 Nf6 3. d3 c6 4. Nf3 Be7 5. O-O d6 6. a4 {C24: Bishop's Opening: 2...Nf6} (6. Bb3 O-O 7. c3 Nbd7 8. Re1 Nc5 9. Bc2 Bg4 10. Nbd2 Ne6 11. h3 Bh5 12. Nf1 Nd7 13. g4 Bg6 14. Ng3 Ng5 15. Bxg5 Bxg5 16. d4 Bf4 17. Ne2 Qf6 18. Kg2 exd4 19. Nfxd4 {1-0 (33) Carlsen,M (2840)-Wei,Y (2706) Wijk aan Zee 2017}) 6... O-O 7. Re1 Nbd7 8. Nbd2 {White has an edge.} b6 9. Nf1 Bb7 $146 ({Predecessor:} 9... h6 10. Ng3 Re8 11. Nf5 Bf8 12. c3 Qc7 13. b4 d5 14. Bb3 Bb7 {½-½ (55) Mueller,M (2307)-Maehrlein,C (2145) Germany 2010}) 10. Ba2 Re8 11. h3 Bf8 12. g4 (12. Bg5 $11) 12... Nc5 13. c3 ({Better is} 13. g5 $11 Nfd7 14. Ne3) 13... Ba6 $15 14. Bb1 d5 15. d4 exd4 ({Of course not} 15... dxe4 $6 16. Nxe5 Qc7 17. b4 $11) 16. e5 dxc3 17. exf6 Qxf6 (17... Rxe1 $1 $15 18. Nxe1 (18. Qxe1 Qxf6 19. Qxc3 Qxc3 $17) 18... Qxf6 19. bxc3 Re8) 18. Rxe8 $11 Rxe8 19. Bg5 $36 {[%mdl 2048] White fights for an advantage.} Be2 {[#]} (19... Qe6 $11 {keeps the balance.} 20. bxc3 Be2) 20. Qc2 (20. Qxe2 $1 $16 Rxe2 21. Bxf6 cxb2 22. Ra2 (22. Bxb2 Rxb2 23. Ne3 g6 $15) 22... gxf6 23. Ng3) 20... Qg6 $15 21. Qxc3 Ne4 $1 {...Bxf3 is the strong threat.} 22. N1d2 (22. N1h2 $1 $15) 22... Bc5 $2 (22... f5 $19 23. Bxe4 fxe4) 23. Be3 $1 $11 Bxf3 24. Nxf3 Nxc3 25. Bxg6 {Hoping for Bxc5.} Ne2+ 26. Kf1 Bxe3 27. fxe3 Rxe3 {And now ...Nf4 would win.} 28. Kf2 Rb3 $1 {[%cal Rb3b2]} 29. Re1 {Threatens to win with Bb1.} (29. a5 {with more complications.} hxg6 30. axb6 Rxb6 31. Kxe2 Rxb2+ 32. Nd2) 29... Rxb2 {aiming for ...Nc3+.} 30. Rxe2 Rxe2+ 31. Kxe2 hxg6 {[%mdl 4096] Endgame KN-KP} 32. Nd4 c5 33. Nc6 f5 $2 {[%mdl 8192]} (33... a6 $14) 34. Nxa7 Kf7 35. Nc8 Ke6 36. Nxb6 Kd6 37. a5 Kc6 38. Ke3 d4+ 39. Kd3 f4 40. g5 Kb5 41. Nc4 f3 42. Ne5 f2 43. Ke2 Kxa5 44. Kxf2 Kb4 45. Ke2 Kc3 {[#]} 46. Nxg6 $2 ({White must play} 46. Kd1 $1 $18) 46... d3+ {The position is equal.} 47. Kd1 $1 Kd4 $1 48. h4 Ke4 $1 49. Nf8 {Black must now prevent Ne6.} Kf5 50. h5 {Strongly threatening Nh7.} Ke5 $2 {[%mdl 40960] Accuracy: White = 46%, Black = 41%. . An unexpected result.} (50... Kxg5 $11 51. Kd2 c4) 1/2-1/2

[Event "Chigorin Memorial 2019"]
[Site "Saint Petersburg"]
[Date "2019.10.07"]
[Round "3.10"]
[White "Sivuk, Vitaly"]
[Black "Timerkhanov, Alexander"]
[Result "1-0"]
[WhiteElo "2559"]
[BlackElo "2354"]
[Annotator "TA"]
[PlyCount "78"]
[EventDate "2019.10.05"]
[EventType "swiss"]
[EventCountry "RUS"]
[SourceTitle "playchess.com"]
[Source "ChessBase"]
[SourceQuality "1"]

{[%evp 9,78,22,30,37,47,7,0,-9,14,3,14,-49,-12,-44,-44,-52,-28,-38,0,-16,0,0,35,-2,-16,-6,0,-31,-16,-18,0,-11,84,76,75,79,495,484,493,481,487,490,473,482,456,480,785,772,705,706,681,498,789,747,954,905,1293,1300,1080,975,1522,1370,1992,1685,5640,5616,29985,29986,29991,29992,29994]} 1. d4 d5 2. c4 c6 3. Nc3 Nf6 4. e3 a6 5. Qc2 g6 (5... e6 6. Nf3 c5 7. cxd5 exd5 8. Be2 Nc6 9. O-O Be6 10. Ne5 Qc7 11. Nxc6 bxc6 12. e4 dxe4 13. Nxe4 Nxe4 14. Qxe4 Bd6 15. Bf3 O-O 16. Qxc6 Bxh2+ {1-0 (60) Mamedyarov,S (2817)-Shankland,S (2724) Germany 2019}) 6. Bd3 {D10: Slav Defence: 3 cxd5 (without early Nf3) and 3 Nc3} Bg7 7. Nge2 O-O 8. b3 {The position is equal.} dxc4 $146 ({Predecessor:} 8... Nbd7 9. f4 b5 10. O-O bxc4 11. bxc4 dxc4 12. Bxc4 c5 13. Rd1 cxd4 14. Nxd4 {0-1 (22) Nguyen,T (1945)-Baraeva,M (2136) Al Ain 2013}) 9. bxc4 c5 10. d5 ({White should play} 10. Ba3 $11) 10... e6 {[%cal Re6d5]} (10... b5 $5) 11. e4 exd5 12. exd5 b5 13. Bg5 Qa5 {Threatening ...b4.} 14. O-O bxc4 15. Bxc4 Bf5 16. Bd3 (16. Qc1 {feels hotter.} Qb4 17. Nd1 Ng4 18. Bd2 Qa4 19. Bb3) 16... Bxd3 17. Qxd3 Nbd7 18. Rad1 Rac8 19. Qh3 Qb4 20. d6 Qc4 {[#]} (20... c4 $11) 21. Nf4 $1 $16 Rb8 22. Ncd5 Rb7 $2 {[%mdl 8192]} (22... Nxd5 $16 23. Nxd5 Rb7) 23. Bxf6 $18 Bxf6 {[#]} 24. Qxd7 $3 {[%mdl 576] Remove Defender} Rxd7 25. Nxf6+ Kg7 26. Nxd7 Rd8 27. Nd3 Rxd7 (27... a5 $142 28. N3xc5 a4) 28. Ne5 $1 {[%csl LRc4,LRd7][%mdl 64] Double Attack} Qe6 29. Nxd7 Qxd7 {[%mdl 4096] Endgame KQ-KRR} 30. Rfe1 c4 (30... h6 $142 31. Re5 c4) 31. Rd4 Kf6 32. g3 c3 33. Rc1 Ke5 34. Rdd1 g5 35. Rxc3 Kf5 36. h3 h5 37. Rc7 Qa4 38. Rd5+ Ke4 {[#]} 39. d7 $1 {[%mdl 512]} Kxd5 {Accuracy: White = 61%, Black = 33%.} 1-0